| 000 | 00604nam a2200205 a 4500 | ||
|---|---|---|---|
| 005 | 20240806064139.0 | ||
| 008 | 010910s1995 r 000 0 eng d | ||
| 020 | _a9505185235 | ||
| 035 | _aUPN01000111083 | ||
| 049 | _aCG | ||
| 050 | 4 |
_aRC506 _bM3.718 |
|
| 100 | 1 | _aMarty,Pierre. | |
| 245 | 1 | 3 |
_aLa psicosomática del adulto / _cPierre Marty ; tr. Marta Tenorio de Calatroni |
| 260 |
_aBuenos Aires : _bAmorrortu, _c1995 |
||
| 300 | _a153 p. | ||
| 440 | 0 | _aBiblioteca de psicología y psicoanálisis | |
| 650 | 4 |
_aMEDICINA PSICOSOMATICA _916675 |
|
| 650 | 4 |
_aPsicoanálisis _91572 |
|
| 905 | _aLibro | ||
| 999 |
_c84992 _d84992 |
||